Empire and imperial ambition : (Record no. 24463)
[ view plain ]
| 000 -LEADER | |
|---|---|
| fixed length control field | 01318cam a22003135a 4500 |
| 001 - CONTROL NUMBER | |
| control field | 16777109 |
| 005 - DATE AND TIME OF LATEST TRANSACTION | |
| control field | 20170319104051.0 |
| 008 - FIXED-LENGTH DATA ELEMENTS--GENERAL INFORMATION | |
| fixed length control field | 110513s2011 enka grb 001 0 eng d |
| 010 ## - LIBRARY OF CONGRESS CONTROL NUMBER | |
| LC control number | 2011281965 |
| 020 ## - INTERNATIONAL STANDARD BOOK NUMBER | |
| International Standard Book Number | 9781848856097 |
| 020 ## - INTERNATIONAL STANDARD BOOK NUMBER | |
| International Standard Book Number | 9781848852471 (series) |
| 035 ## - SYSTEM CONTROL NUMBER | |
| System control number | (OCoLC)ocn646098965 |
| 040 ## - CATALOGING SOURCE | |
| Original cataloging agency | YDXCP |
| Language of cataloging | eng |
| Transcribing agency | YDXCP |
| Modifying agency | BWX |
| -- | IQU |
| -- | DLC |
| -- | EG-ScBUE |
| 043 ## - GEOGRAPHIC AREA CODE | |
| Geographic area code | e-uk--- |
| 082 04 - DEWEY DECIMAL CLASSIFICATION NUMBER | |
| Classification number | 325.320941 |
| Item number | MAT |
| Edition number | 22 |
| 100 1# - MAIN ENTRY--PERSONAL NAME | |
| Personal name | Matikkala, Mira. |
| 245 10 - TITLE STATEMENT | |
| Title | Empire and imperial ambition : |
| Remainder of title | liberty, Englishness and anti-imperialism in late-Victorian Britain / |
| Statement of responsibility, etc | Mira Matikkala. |
| 260 ## - PUBLICATION, DISTRIBUTION, ETC. (IMPRINT) | |
| Place of publication, distribution, etc | London ; |
| -- | New York : |
| Name of publisher, distributor, etc | I. B. Tauris ; |
| Place of publication, distribution, etc | New York : |
| Name of publisher, distributor, etc | Distributed in the U.S. and Canada exclusively by Palgrave Macmillan, |
| Date of publication, distribution, etc | 2011. |
| 300 ## - PHYSICAL DESCRIPTION | |
| Extent | viii, 288 p. : |
| Other physical details | ill. ; |
| Dimensions | 22 cm. |
| 490 0# - Series Statement | |
| Series statement | Library of Victorian studies ; |
| Volume/sequential designation | v. 4 |
| 500 ## - GENERAL NOTE | |
| General note | Includes index. |
| 504 ## - BIBLIOGRAPHY, ETC. NOTE | |
| Bibliography, etc | Bibliography : p. [266]-282. |
| 505 0# - FORMATTED CONTENTS NOTE | |
| Formatted contents note | The debate on economy and imperial expansion -- The ethics of imperialism and anti-imperialism -- The constitutional and political debate on the empire. |
| 650 #7 - SUBJECT ADDED ENTRY--TOPICAL TERM | |
| Topical term or geographic name as entry element | Anti-imperialist movements |
| Geographic subdivision | Great Britain |
| General subdivision | History |
| Chronological subdivision | 19th century. |
| Source of heading or term | BUEsh |
| 650 #7 - SUBJECT ADDED ENTRY--TOPICAL TERM | |
| Topical term or geographic name as entry element | Imperialism. |
| Source of heading or term | BUEsh |
| 651 #7 - SUBJECT ADDED ENTRY--GEOGRAPHIC NAME | |
| Geographic name | Great Britain |
| General subdivision | Foreign relations |
| Chronological subdivision | 19th century. |
| Source of heading or term | BUEsh |
| 653 ## - INDEX TERM--UNCONTROLLED | |
| Resource For college | BAEPS, Political Science |
| Arrived date list | March2017 |
| 942 ## - ADDED ENTRY ELEMENTS (KOHA) | |
| Source of classification or shelving scheme | Dewey Decimal Classification |
| Withdrawn status | Item status | Source of classification or shelving scheme | Damaged status | Not for loan | Vendor | Home library | Current library | Shelving location | Date acquired | Source of acquisition | Cost, normal purchase price | Serial Enumeration / chronology | Total Checkouts | Total Renewals | Full call number | Barcode | Date last seen | Date last borrowed | Cost, replacement price | Koha item type |
|---|---|---|---|---|---|---|---|---|---|---|---|---|---|---|---|---|---|---|---|---|
| Dewey Decimal Classification | AUC | Central Library | Central Library | First floor | 19/03/2017 | Purchase | 120.00 | 1700 | 1 | 13 | 325.320941 MAT | 000041403 | 15/07/2025 | 20/11/2019 | 150.00 | Book - Borrowing |